Co znamená management buy-out, buy-in
Jednou z úspešných a rozšírených metód reštrukturalizácie je odkúpenie podniku manažmentom - vonkajším alebo vnútorným - tzv. management Buy-in, Buy-out, za finančnej spoluúčasti iných investorov - bánk. Predpoklad rozšírenia tejto podnikateľskej metódy v Česku, po 2. vlne kupónovej privatizácie.
Salvato in:
| Autore principale: | |
|---|---|
| Natura: | Capitolo di libro |
| Lingua: | ceco |
| Soggetti: | |
| Tags: |
Nessun Tag, puoi essere il primo ad aggiungerne!!
|
MARC
| LEADER | 00000naa a2200000 4500 | ||
|---|---|---|---|
| 001 | r015722 | ||
| 005 | 20221205090531.9 | ||
| 041 | 0 | |a cze | |
| 044 | |a CZ | ||
| 245 | 1 | 0 | |a Co znamená management buy-out, buy-in |c E. Motejzíková |
| 520 | |a Jednou z úspešných a rozšírených metód reštrukturalizácie je odkúpenie podniku manažmentom - vonkajším alebo vnútorným - tzv. management Buy-in, Buy-out, za finančnej spoluúčasti iných investorov - bánk. Predpoklad rozšírenia tejto podnikateľskej metódy v Česku, po 2. vlne kupónovej privatizácie. | ||
| 610 | 2 | 0 | |a kúpa |
| 610 | 2 | 0 | |a manažment |
| 610 | 2 | 0 | |a podnik |
| 610 | 2 | 0 | |a Česko |
| 610 | 2 | 0 | |a reštrukturalizácia |
| 610 | 2 | 0 | |a privatizácia |
| 610 | 2 | 0 | |a odkúpenie podniku |
| 610 | 2 | 0 | |a odkúpenie podniku |
| 100 | 1 | |a Motejzíková, E. | |